| 000 | 00506nmm a2200169Ia 4500 | ||
|---|---|---|---|
| 008 | 251105s9999||||xx |||||||||||||||||und|| | ||
| 020 | _a9788476589953 | ||
| 041 | _aspa | ||
| 100 | _aCastaingts Teillery, Juan | ||
| 245 | 0 | _aAntropología simbólica y neurociencia | |
| 264 |
_a[Madrid, España] : _bAnthropos, _c2011 |
||
| 300 | _a387 páginas | ||
| 490 | _aAutores, textos y temas. Antropología | ||
| 650 | _aAnthropology | ||
| 856 | _uhttps://public.digitaliapublishing.com/a/13587 | ||
| 942 | _cCF | ||
| 999 |
_c85294 _d85294 |
||